| 000 | 00693nam a22001935i 4500 | ||
|---|---|---|---|
| 001 | 54883 | ||
| 003 | ES-MaACL | ||
| 005 | 20231226161527.0 | ||
| 007 | t| | ||
| 008 | 960529s1884 sp a ||||1| spa d | ||
| 040 |
_aCARM _bspa _cCCPB | SIC |
||
| 100 | 1 |
_aGándara, A. Germán de la. _953820 |
|
| 245 | 1 | 0 |
_aAnexion y Guerra de Santo Domingo / _cpor el General Gándara, con un prologo de D. Cristino Martos. |
| 260 |
_aMadrid : _b[s.n.], _c1884 ( _fImprenta de "El Correo Militar") |
||
| 300 |
_a2 v. (XXV, 442 p., [1] h. de map. ; 656 p., [2] h. de map.) ; _c24 cm. |
||
| 700 | 1 |
_aMartos, Cristino, _d1830-1893 _978547 |
|
| 852 |
_aES-MaACL _jF-13185-6 |
||
| 999 |
_c54883 _d54883 |
||